| 000 | 00603nam a2200193 i 4500 | ||
|---|---|---|---|
| 001 | bg | ||
| 100 | 1 | _aSIKORSKI, Stanisław | |
| 245 | 1 | 0 |
_aFotoelektryczne kryteria oceny materiałów półprzewodnikowych / _cStanisław Sikorski, Jarosław Świderski. |
| 260 |
_aWarszawa : _bPWN, _c1968. |
||
| 490 | 1 |
_aBiblioteka Elektroniki ; _vnr 7 |
|
| 650 | 9 |
_aPółprzewodniki _xmateriały _xbadanie |
|
| 700 | 1 | _aŚWIDERSKI, Jarosław | |
| 830 | _aBiblioteka Elektroniki ; | ||
| 040 | _cBPK | ||
| 041 | 0 | _apol | |
| 080 | _a621.315.5:621.38:537 | ||
| 942 | _cKS | ||
| 008 | s pl f |000 0 pol | ||
| 999 |
_c35532 _d35532 |
||
| 856 |
_uhttp://koha.tu.koszalin.pl/cgi-bin/koha/opac-detail.pl?biblionumber=35532 _yKatalog online BPK |
||